| 000 | 00573nam a2200193 4500 | ||
|---|---|---|---|
| 001 | 121867 | ||
| 003 | ES-MaACL | ||
| 005 | 20230906191841.0 | ||
| 007 | t| | ||
| 008 | 070214s1970 sp r ||||1| spa d | ||
| 100 | 1 |
_aPlumyene, Jean. _992674 |
|
| 245 | 1 | 3 |
_aEl complejo de derecha / _cJean Plumyene y Raymond Lasierra ; traducción de M. L. Feliu. |
| 250 | _a1ª ed. | ||
| 260 |
_aBarcelona : _bKairos, _c1970. |
||
| 300 |
_a196 p. ; _c16 cm. |
||
| 700 | 1 |
_aLasierra, Raymond. _970441 |
|
| 700 | 0 |
_aFeliu, María Luisa. _949193 |
|
| 852 |
_aES-MaACL _jC-48710 _bR.73919 |
||
| 999 |
_c121867 _d121867 |
||